Statistics for 人口ワースト100の市

Click here to take the quiz!

General Stats

  • This quiz has been taken 51 times
  • The average score is 68 of 100

Answer Stats

順位人口都道府県% Correct
12,989北海道歌志内市
100%
812,929石川県珠洲市
95%
7125,732高知県土佐市
93%
27,334北海道夕張市
91%
49,698北海道赤平市
91%
612,388高知県土佐清水市
89%
6024,608石川県輪島市
84%
6224,636北海道根室市
84%
511,742高知県室戸市
84%
8026,513高知県香美市
82%
1916,927千葉県勝浦市
82%
3721,131北海道富良野市
82%
1516,252三重県尾鷲市
82%
9728,190静岡県伊豆市
80%
4622,538岐阜県飛騨市
80%
3120,114北海道留萌市
80%
3020,039北海道深川市
80%
2017,525三重県鳥羽市
80%
10028,509長崎県対馬市
80%
1616,486北海道砂川市
80%
1215,965三重県熊野市
80%
1416,243高知県安芸市
80%
712,555北海道芦別市
80%
1114,971山形県尾花沢市
77%
6524,948長崎県壱岐市
77%
38,040北海道三笠市
77%
7526,232大分県国東市
77%
1316,100大分県津久見市
77%
9027,927奈良県五條市
75%
9428,055徳島県美馬市
75%
9928,355兵庫県相生市
75%
3220,183静岡県下田市
73%
8327,171和歌山県新宮市
73%
3520,413北海道美唄市
73%
3821,215北海道紋別市
73%
2217,858北海道士別市
73%
1716,758京都府宮津市
70%
5323,605徳島県三好市
70%
2519,033高知県宿毛市
70%
9628,121奈良県宇陀市
70%
4122,112大分県豊後高田市
70%
8627,524福井県あわら市
70%
8427,282北海道名寄市
70%
1014,708鹿児島県西之表市
68%
5023,435秋田県にかほ市
68%
4322,150福井県勝山市
68%
9528,079岡山県新見市
68%
7225,848佐賀県嬉野市
68%
2619,247岐阜県美濃市
68%
9828,279香川県東かがわ市
68%
7626,275長崎県西海市
66%
2318,262岩手県陸前高田市
66%
6324,875栃木県那須烏山市
66%
2117,638宮崎県えびの市
66%
6625,154秋田県男鹿市
66%
8527,490鹿児島県いちき串木野市
66%
3420,407石川県羽咋市
66%
4222,129兵庫県養父市
66%
2819,539長野県飯山市
64%
4422,512山梨県大月市
64%
2920,033鹿児島県枕崎市
64%
2719,270鹿児島県阿久根市
64%
7325,939岡山県美作市
64%
4021,930広島県江田島市
64%
6424,930熊本県阿蘇市
64%
7926,448広島県安芸高田市
61%
1816,822宮崎県串間市
61%
5123,481和歌山県御坊市
61%
5223,557熊本県水俣市
61%
5924,563熊本県上天草市
61%
4722,669山梨県上野原市
61%
4822,959島根県江津市
61%
913,819鹿児島県垂水市
59%
6124,610秋田県仙北市
59%
5824,453鹿児島県伊佐市
59%
3921,271長崎県松浦市
59%
9327,999大分県杵築市
59%
8927,892佐賀県鹿島市
59%
4923,247山口県美祢市
59%
6725,280岐阜県山県市
57%
3620,590高知県須崎市
57%
7826,319広島県大竹市
57%
2418,295佐賀県多久市
55%
6825,366岩手県遠野市
55%
5524,023岩手県八幡平市
55%
8126,538和歌山県有田市
55%
5423,993広島県竹原市
55%
8226,543山形県長井市
52%
5624,096奈良県御所市
52%
7426,029長野県大町市
52%
8727,604茨城県潮来市
50%
8827,699茨城県高萩市
50%
4522,516山形県村山市
50%
9127,976宮城県角田市
48%
5724,391福岡県豊前市
48%
7025,513岩手県二戸市
48%
7726,298福岡県宮若市
45%
9227,981福岡県うきは市
43%
3320,332大分県竹田市
41%
6925,441岐阜県加茂市
34%

Score Distribution

Percentile by Number Answered

Percent of People with Each Score

Your Score History

You have not taken this quiz